000 00330nam a2200133Ia 4500
005 20260326100037.0
008 260326s9999||||xx |||||||||||||| ||und||
100 _aBrower, Cara
245 0 _aExperimental Eco-Design /
_cCara Brower
260 _bRotovision Books
300 _a176 p.
650 _aDISEÑO INDUSTRIAL
942 _cBK
999 _c6854
_d6854